Countries that have had Ebola Outbreaks - Statistics

General Stats
  • This quiz has been taken 32 times
  • The average score is 9 of 13
Answer Stats
Continent Country % Correct
Africa Liberia
86%
Africa Nigeria
86%
Africa Democratic Republic of the Congo
83%
Africa Guinea
79%
Africa Sierra Leone
79%
Africa Republic of the Congo
76%
Africa Mali
66%
Africa Senegal
66%
Africa Gabon
62%
Africa Ivory Coast
62%
Africa Uganda
59%
Africa South Sudan
48%
Africa South Africa
31%
No matching quizzes found
Score Distribution
Percent of People with Each Score
Percentile by Number Answered
Your Score History
You have not taken this quiz